Name Every Australian States - No Map - Statistics

General Stats
  • This quiz has been taken 56 times
  • The average score is 5 of 6
Answer Stats
Answer % Correct
New South Wales
91%
Queensland
91%
Tasmania
87%
Western Australia
87%
Victoria
82%
South Australia
80%
No matching quizzes found
Score Distribution
Percent of People with Each Score
Percentile by Number Answered
Your Score History
You have not taken this quiz